[Event "Seattle Super Masters"]
[Site "?"]
[Date "????.??.??"]
[Round "?"]
[White "Mahajan, Rushaan"]
[Black "Fagundes, Frank"]
[Result "1/2-1/2"]
[WhiteElo "1943"]
[BlackElo "1723"]
[PlyCount "76"]
[SourceDate "2018.03.16"]
[SourceVersionDate "2018.03.16"]

1. d4 Nf6 2. Bf4 d5 3. e3 c5 4. c3 Qb6 5. Qb3 c4 6. Qc2 Nc6 7. Nd2 g6 8. h3 Bf5
9. Qc1 Bg7 10. Ngf3 O-O 11. g4 Be4 12. Nxe4 Nxe4 13. Nd2 Nxd2 14. Qxd2 Rad8 15.
Be2 e5 16. Bg3 Rfe8 17. O-O e4 18. b3 Na5 19. bxc4 Nxc4 20. Bxc4 dxc4 21. Rab1
Qc6 22. Qb2 b6 23. Qb5 Re6 24. a4 Rd5 25. Qxc6 Rxc6 26. Rb5 Rd7 27. Rfb1 Bf6
28. Be5 Bd8 29. d5 Rc8 30. Rd1 a6 31. Rb2 Rc5 32. Bd4 Rcxd5 33. Rdb1 R7d6 34.
Bxb6 Bxb6 35. Rxb6 Rxb6 36. Rxb6 Rd3 37. Rxa6 Rxc3 38. Rc6 Rc1+ 1/2-1/2

[Event "Seattle Super Masters"]
[Site "?"]
[Date "????.??.??"]
[Round "2"]
[White "Breckenridge, Steven"]
[Black "Levine, Joseph"]
[Result "1-0"]
[WhiteElo "2431"]
[BlackElo "1976"]
[PlyCount "83"]
[SourceDate "2018.03.16"]
[SourceVersionDate "2018.03.16"]

1. e4 e6 2. d4 d5 3. Nd2 Nf6 4. e5 Nfd7 5. Bd3 c5 6. c3 Nc6 7. Ne2 Qb6 8. Nf3
cxd4 9. cxd4 f6 10. exf6 Nxf6 11. Bf4 Bb4+ 12. Nc3 O-O 13. O-O Ne4 14. Be3 Nf6
15. Ne5 a6 16. f4 Bd6 17. Kh1 Nb4 18. Bb1 Bd7 19. Rf3 Be8 20. Rh3 Qc7 21. a3
Nc6 22. Ba2 Ne7 23. Rc1 Qb6 24. g4 g6 25. Qd2 Kh8 26. Bb1 Qd8 27. Qf2 b5 28.
Qh4 h5 29. Rg1 Ra7 30. Ne2 Rc7 31. f5 exf5 32. Bh6 Neg8 33. Bxf8 Bxf8 34. Nf4
Rg7 35. gxf5 gxf5 36. Rhg3 Rxg3 37. Rxg3 a5 38. Bxf5 b4 39. Nfg6+ Bxg6 40.
Nxg6+ Kh7 41. Ne5+ Kh8 42. Nf7# 1-0

[Event "Seattle Super Masters"]
[Site "?"]
[Date "????.??.??"]
[Round "2"]
[White "Mukumbya, Benjamin"]
[Black "Levine, David"]
[Result "1-0"]
[WhiteElo "1988"]
[BlackElo "2200"]
[PlyCount "60"]
[SourceDate "2018.03.16"]
[SourceVersionDate "2018.03.16"]

1. Nf3 d5 2. d3 Nf6 3. Nbd2 Nc6 4. g3 e5 5. e4 Be7 6. Bg2 O-O 7. h3 Re8 8. O-O
h6 9. Re1 dxe4 10. dxe4 Be6 11. Qe2 Qc8 12. Kh2 a5 13. Nc4 Nd7 14. a4 Bc5 15.
Be3 Bxe3 16. Nxe3 f6 17. Nh4 Nd4 18. Qh5 Bf7 19. Qd1 Nc5 20. c3 Nc6 21. Nhf5
Kh7 22. Nxg7 Kxg7 23. Nf5+ Kh7 24. Qd2 Qxf5 25. exf5 Nb3 26. Qe2 Nxa1 27. Rxa1
Red8 28. Rd1 Rxd1 29. Qxd1 Rd8 30. Qe2 Kg8 1-0

[Event "Seattle Super Masters"]
[Site "?"]
[Date "????.??.??"]
[Round "2"]
[White "Kuhner, Mary"]
[Black "Anand, Vignesh"]
[Result "1/2-1/2"]
[WhiteElo "1913"]
[BlackElo "1956"]
[PlyCount "64"]
[SourceDate "2018.03.16"]
[SourceVersionDate "2018.03.16"]

1. e4 e6 2. d4 d5 3. Nc3 Nf6 4. e5 Nfd7 5. Nce2 c5 6. c3 Nc6 7. f4 Be7 8. Nf3
f6 9. Ng3 Qa5 10. Bd2 Qb6 11. exf6 Nxf6 12. Qb3 cxd4 13. Qxb6 axb6 14. cxd4 Ne4
15. Bb5 Nxd2 16. Nxd2 O-O 17. Ne2 Bb4 18. a3 Ra5 19. Bd3 Bd7 20. O-O-O Rc8 21.
Kb1 Bd6 22. g3 Ne7 23. Rc1 Raa8 24. Nf3 Be8 25. Ng5 h6 26. Nxe6 Bd7 27. f5 Nxf5
28. Rxc8+ Rxc8 29. Bxf5 Re8 30. Nc3 Bxe6 31. Bxe6+ Rxe6 32. Nxd5 Re4 1/2-1/2

[Event "Seattle Super Masters"]
[Site "?"]
[Date "????.??.??"]
[Round "2"]
[White "Yang, Brian"]
[Black "Frantz, Joey"]
[Result "0-1"]
[WhiteElo "1770"]
[BlackElo "1947"]
[PlyCount "40"]
[SourceDate "2018.03.16"]
[SourceVersionDate "2018.03.16"]

1. e4 e5 2. Nf3 Nf6 3. Bc4 Nxe4 4. O-O Nc6 5. Re1 d5 6. Bb5 Bc5 7. Nxe5 Bxf2+
8. Kh1 O-O 9. Nxc6 bxc6 10. Bxc6 Qh4 11. Rxe4 dxe4 12. Bxa8 Bg4 13. Qf1 Rxa8
14. Nc3 Re8 15. Nd1 Bg3 16. h3 Re6 17. Ne3 Rf6 18. Qb5 c6 19. Qb7 Bxh3 20. Kg1
Bf2+ 0-1

[Event "Seattle Super Masters"]
[Site "?"]
[Date "????.??.??"]
[Round "1"]
[White "Sadorra, Julio"]
[Black "Allorant, Adrien"]
[Result "1-0"]
[WhiteElo "2650"]
[BlackElo "1928"]
[PlyCount "55"]
[SourceDate "2018.03.16"]
[SourceVersionDate "2018.03.16"]

1. Nf3 Nf6 2. c4 e6 3. e3 b6 4. d4 Bb7 5. Bd3 Bb4+ 6. Nc3 Ne4 7. Qc2 f5 8. O-O
Bxc3 9. bxc3 O-O 10. Nd2 Nxd2 11. Bxd2 d6 12. f3 Nd7 13. e4 f4 14. e5 dxe5 15.
Bxh7+ Kh8 16. Be4 Bxe4 17. Qxe4 Rf5 18. Rae1 Qe8 19. g4 Rf8 20. c5 b5 21. c6
Nb6 22. Bc1 Nd5 23. Qxe5 Qxc6 24. Qh5+ Kg8 25. g5 Rf5 26. h4 Nxc3 27. Qg6 Nd5
28. Rxe6 1-0

[Event "Seattle Super Masters"]
[Site "?"]
[Date "????.??.??"]
[Round "1"]
[White "Yu, Jason"]
[Black "Zherebukh, Yaroslav"]
[Result "0-1"]
[WhiteElo "2165"]
[BlackElo "2707"]
[PlyCount "72"]
[SourceDate "2018.03.19"]
[SourceVersionDate "2018.03.19"]

1. e4 c5 2. Nf3 d6 3. d4 cxd4 4. Nxd4 Nf6 5. Nc3 a6 6. Be2 e6 7. Be3 Nbd7 8. f4
Qc7 9. a4 b6 10. Bf3 Bb7 11. O-O Rc8 12. f5 e5 13. Nb3 Be7 14. Rf2 Qb8 15. Qd3
O-O 16. g4 d5 17. g5 Rxc3 18. Qxc3 d4 19. Bxd4 Rc8 20. Qd2 exd4 21. gxf6 Bxf6
22. Nxd4 Ne5 23. c3 Nxf3+ 24. Rxf3 Bxe4 25. Rg3 Ba8 26. Nf3 Rc5 27. Re1 h6 28.
Qe2 Qb7 29. Qg2 Qc8 30. Qc2 Bc6 31. Qd2 Kh7 32. Nd4 Be8 33. Qf4 Qd7 34. h3 Rc4
35. b3 Rc5 36. Rf1 Qd8 0-1

[Event "Seattle Super Masters"]
[Site "?"]
[Date "????.??.??"]
[Round "?"]
[White "Fagundes, Frank"]
[Black "Petrov, Oscar"]
[Result "1-0"]
[WhiteElo "1723"]
[BlackElo "1949"]
[PlyCount "71"]
[SourceDate "2018.03.19"]
[SourceVersionDate "2018.03.19"]

1. d4 Nf6 2. c4 c5 3. d5 e6 4. Nc3 exd5 5. cxd5 d6 6. Nf3 g6 7. e4 Bg4 8. Bf4
Qe7 9. Qa4+ Bd7 10. Bb5 Nh5 11. Bg5 f6 12. Be3 Kf7 13. O-O-O Bg4 14. e5 Bxf3
15. e6+ Kg8 16. gxf3 Qd8 17. Rhg1 Ng7 18. Qc2 Be7 19. Bh6 Na6 20. a3 Nb4 21.
Qb1 a6 22. Bd7 Qc7 23. Rg3 Rf8 24. Bxg7 Kxg7 25. Ne2 Qa5 26. axb4 cxb4 27. Qc2
f5 28. Nf4 Bh4 29. e7 Rf7 30. e8=Q Rxe8 31. Bxe8 Bxg3 32. Ne6+ Kf6 33. fxg3 Re7
34. Ba4 b5 35. Bb3 Qb6 36. Qd2 1-0

[Event "Seattle Super Masters"]
[Site "?"]
[Date "????.??.??"]
[Round "3"]
[White "Fagundes, Frank"]
[Black "Vijayakumar, Advaith"]
[Result "1-0"]
[WhiteElo "1723"]
[BlackElo "1847"]
[PlyCount "103"]
[SourceDate "2018.03.20"]
[SourceVersionDate "2018.03.20"]

1. d4 Nf6 2. c4 e6 3. Nf3 b6 4. g3 Bb7 5. Bg2 c5 6. d5 exd5 7. cxd5 Bxd5 8. Bg5
Bb7 9. Nc3 Be7 10. Qa4 O-O 11. Rd1 Bc6 12. Qb3 Ne4 13. Bxe7 Qxe7 14. Nd5 Bxd5
15. Qxd5 Nc6 16. Qxd7 Qxd7 17. Rxd7 Nf6 18. Rd6 Na5 19. b3 Rad8 20. Rxd8 Rxd8
21. O-O Nc6 22. Rc1 Nd4 23. Nxd4 Rxd4 24. Bf3 Kf8 25. Rc2 a5 26. e3 Rb4 27. Kf1
a4 28. Rc4 axb3 29. Rxb4 cxb4 30. axb3 Ke7 31. Ke2 Kd6 32. Kd3 Kc5 33. h3 b5
34. Bg2 g5 35. e4 Nd7 36. f4 f6 37. h4 Nf8 38. hxg5 fxg5 39. e5 gxf4 40. gxf4
Ne6 41. Ke4 Nd4 42. f5 Nxb3 43. f6 Nd4 44. Bh3 b3 45. f7 b2 46. f8=Q+ Kc4 47.
Bf1+ Kb3 48. Bd3 Nc2 49. Qf1 Na3 50. Bb1 Nc4 51. Qd3+ Kb4 52. Kd4 1-0

[Event "Seattle Super Masters"]
[Site "?"]
[Date "????.??.??"]
[Round "4"]
[White "Beck, Alec"]
[Black "Seshadri, Sridhar"]
[Result "1/2-1/2"]
[WhiteElo "1715"]
[BlackElo "1796"]
[PlyCount "58"]
[SourceDate "2018.03.21"]
[SourceVersionDate "2018.03.21"]

1. d4 d5 2. c4 c6 3. Nc3 Nf6 4. Bg5 e6 5. cxd5 exd5 6. e3 Be7 7. Nf3 Bg4 8. Be2
h6 9. Bh4 Nbd7 10. Qb3 Qb6 11. O-O g5 12. Bg3 Ne4 13. Qxb6 axb6 14. Bd3 Bxf3
15. gxf3 Nd2 16. Rfd1 Nxf3+ 17. Kg2 g4 18. Be2 Nh4+ 19. Bxh4 Bxh4 20. Bxg4 Rg8
21. Kf3 Rg6 22. Ne2 Nf6 23. Bf5 Rg5 24. Bc2 Ke7 25. Ng3 Bxg3 26. hxg3 b5 27.
Rh1 h5 28. a3 b6 29. Ra2 c5 1/2-1/2

[Event "Seattle Super Masters"]
[Site "?"]
[Date "????.??.??"]
[Round "1"]
[White "Frantz, Joey"]
[Black "Seshadri, Sridhar"]
[Result "1-0"]
[WhiteElo "1947"]
[BlackElo "1715"]
[PlyCount "51"]
[SourceDate "2018.03.21"]
[SourceVersionDate "2018.03.21"]

1. d4 Nf6 2. c4 d5 3. cxd5 Qxd5 4. Nc3 Qd8 5. Nf3 e6 6. g3 c6 7. Bg2 Bb4 8. O-O
Bxc3 9. bxc3 h6 10. a4 a5 11. Ba3 Nbd7 12. Qc2 Nd5 13. Ne5 Ne7 14. Rad1 O-O 15.
f4 Re8 16. Be4 Nf6 17. Bd3 Ned5 18. Rf3 Qc7 19. g4 g6 20. g5 Nh5 21. Bxg6 Nhxf4
22. Bxf7+ Kg7 23. gxh6+ Kxh6 24. Bxe8 Qg7+ 25. Bg6 Qf6 26. Ng4+ 1-0

[Event "Seattle Super Masters"]
[Site "?"]
[Date "????.??.??"]
[Round "1"]
[White "Kaelin, Alex"]
[Black "Kuhner, Mary"]
[Result "0-1"]
[WhiteElo "1649"]
[BlackElo "1913"]
[PlyCount "60"]
[SourceDate "2018.03.21"]
[SourceVersionDate "2018.03.21"]

1. e4 e6 2. d4 d5 3. Nd2 Nf6 4. e5 Nfd7 5. Bd3 c5 6. c3 Nc6 7. Ne2 cxd4 8. cxd4
f6 9. exf6 Nxf6 10. Nf3 Qc7 11. Bf4 Bb4+ 12. Kf1 Bd6 13. Bg3 O-O 14. Rc1 Qe7
15. Kg1 Bd7 16. Ne5 Bxe5 17. dxe5 Ng4 18. Nd4 Nxd4 19. Qxg4 Nf5 20. Bxf5 exf5
21. Qd4 Be6 22. f4 Rfc8 23. Kf2 Rc7 24. Ke2 Rac8 25. Kd2 Rc4 26. Rxc4 Rxc4 27.
Qxa7 Qb4+ 28. Kd3 Qxb2 29. Qb8+ Rc8 30. Qd6 Rc3+ 0-1